01014nam a2200301 u 450000100070000000500170000700800410002403500110006504000130007604100080008908000070009710000510010424501280015526000230028330000130030665000190031965000170033865000350035565000320039065000370042265000370045970000420049694200100053899900190054850200100056752600070057795201280058431369520260506082716.0981106s1998 ||||||m| spa  a313695 ccomduadb aspa aSF10aHoyos Palacio, Liliana Maria4auteaut949327410aDeterminacion de la actividad litica del complemento en suero de una poblacion canina del municipio de Medellin (Antioquia) aMedellín,c1998. a28 hojas aConejos919029 aSuero910556 aComplementos (Inmunidad)94512 aPruebas de inmunidad919623 aInmunología veterinaria946275 aIndicadores inmunologicos92670010aMolina Lopez, Sadoh4thseths9276036 cTESIS c107549d107549 b48c8 a48 001040708GENERALaBRbBRd1998-11-06iC393439l0oSF757.2 H6dp61000001658489r2023-04-22 00:00:00t1w2023-04-22yTESIS